Lecturas de contabilidad básica (Registro nro. 1163)

Detalles MARC
000 -LEADER
fixed length control field 01349 a2200265 4500
001 - CONTROL NUMBER
control field 24203
005 - DATE AND TIME OF LATEST TRANSACTION
control field 20260407155526.0
008 - FIXED-LENGTH DATA ELEMENTS--GENERAL INFORMATION
fixed length control field 260407a2012 arg spa d
003 - CONTROL NUMBER IDENTIFIER
control field AR-UNSa-BCEJYS
040 ## - CATALOGING SOURCE
Original cataloging agency AR-UNSa-BCEJYS
Language of cataloging spa
Transcribing agency AR-UNSa-BCEJYS
080 ## - UNIVERSAL DECIMAL CLASSIFICATION NUMBER
Universal Decimal Classification number 657
Common auxiliary subdivision Contabilidad
020 ## - INTERNATIONAL STANDARD BOOK NUMBER
International Standard Book Number 978-987-1577-69-9
041 ## - LANGUAGE CODE
Language code of text/sound track or separate title spa
100 1# - MAIN ENTRY--PERSONAL NAME
Personal name Simaro, Jorge D.
245 10 - TITLE STATEMENT
Title Lecturas de contabilidad básica
Name of part/section of a work con ejercicios de aplicación
264 #1 - PRODUCTION, PUBLICATION, DISTRIBUTION, MANUFACTURE, AND COPYRIGHT NOTICE
Place of production, publication, distribution, manufacture Buenos Aires :
Name of producer, publisher, distributor, manufacturer Osmar D. Buyatti
Date of production, publication, distribution, manufacture, or copyright notice 2012
300 ## - PHYSICAL DESCRIPTION
Extent 580 p.
Dimensions 22 cm.
505 ## - FORMATTED CONTENTS NOTE
Formatted contents note 1. El marco general de la contabilidad - 2. Fundamentos de la contabilidad patrimonial - 3. Efectos de las operaciones - 4. El proceso contable - 5. Cajas y bancos - 6. Créditos - 7. Bienes de cambio - 8. Bienes de cambio. Empresa industrial - 9. Bienes de cambio. Empresa de servicios - 10. Bienes de uso - 11. Activos intangibles - 12. Inversiones - 13. Deudas - 14. Previsiones - 15. Patrimonio Neto - 16. Culminación del proceso contable - 17. Ajuste por inflación - 18. Las normas internacionales de información financiera (NIIF)
590 ## - LOCAL NOTE (RLIN)
Local note niveau_biblio:m niveau_hierar:0
650 ## - SUBJECT ADDED ENTRY--TOPICAL TERM
Topical term or geographic name entry element NIIF
650 ## - SUBJECT ADDED ENTRY--TOPICAL TERM
Topical term or geographic name entry element niif
700 1# - ADDED ENTRY--PERSONAL NAME
Personal name Tonelli, Omar E.
856 41 - ELECTRONIC LOCATION AND ACCESS
Uniform Resource Identifier <a href="https://biblioeco.unsa.edu.ar/pmb/images/libros/Lecturas de Contabilidad B?sica.jpg">https://biblioeco.unsa.edu.ar/pmb/images/libros/Lecturas de Contabilidad B?sica.jpg</a>
Link text Imagen de portada
Electronic format type image/jpeg
942 ## - ADDED ENTRY ELEMENTS (KOHA)
Koha item type
Existencias
Withdrawn status Lost status Damaged status Not for loan Home library Current library Shelving location Date acquired Total checkouts Full call number Barcode Date last seen Price effective from Koha item type Public note
        Biblioteca Prof. Eusebio Cleto del Rey Biblioteca Prof. Eusebio Cleto del Rey   07/04/2026   657 S588 L119632 07/04/2026 07/04/2026 Libro CANTO RAYADO Y SUCIO - PARTIDO EN PÁG 435
        Biblioteca Prof. Eusebio Cleto del Rey Biblioteca Prof. Eusebio Cleto del Rey   07/04/2026   657 S588 L119633 07/04/2026 07/04/2026 Libro CANTO SUPERIOR CON AMNCHITAS ROJAS - PARTIDO EN PÁG 289 - MANCHADO (SOBRE TODO DESDE PÁG 203 A 206 Y 145)